Answers Contain "Sand" - Statistics

General Stats
  • This quiz has been taken 41 times
  • The average score is 12 of 25
Answer Stats
Hint Answer % Correct
Two slices of bread stuffed with meat and cheese Sandwich
95%
Miss Congeniality Star Sandra Bullock
89%
Like flip flops Sandals
84%
Oh Mr. _________, bring me a dream Sandman
81%
In cartoons, if you struggle you only sink deeper Quicksand
78%
Abrasive material for smoothing and polishing Sandpaper
78%
Type of golf hazard Sand Trap
76%
A form of sedimentary rock Sandstone
70%
Child's play area with shovels and buckets Sandbox
68%
Aromatic wood used in fragrances Sandalwood
62%
Type of golf club Sand Wedge
59%
Tragic mass shooting in Connecticut Sandy Hook
54%
Flood wall construction material (plural) Sandbags
51%
Royal Residence built on the shore Sand Castle
51%
Flat sea urchin named for currency Sand dollar
43%
Memory card manufacturer SanDisk
30%
Movie where Smalls was killing Ham Porter Sandlot
30%
Song by Darude Sandstorm
30%
Playing below ability to gain advantage later in competition Sandbagging
27%
Oscar, Grammy, Emmy winning singer/actress Barbara Streisand
11%
Callahan Auto Parts and Cedar Point locale Sandusky, OH
11%
Large species of crane (bird) Sandhill
5%
Large, slow, Jawa Transport in Star Wars Sandcrawler
3%
Dark material where gold may be found after panning Black Sand
0%
Concealed weapon of choice of Dale Gribble Pocket Sand
0%
No matching quizzes found
Score Distribution
Percent of People with Each Score
Percentile by Number Answered
Your Score History
You have not taken this quiz